000 01366cam a22003977a 4500
003 CHAP
005 20220329143022.0
008 050824d1993 mx r 00110 spa d
010 _a90768
011 _a91740
020 _a9682318610
035 _a102303
040 _cCHAP
082 0 4 _a321.4
_bP38
100 0 0 _aPatula, Jan.
_986257
245 1 0 _aEuropa del este : del stalinismo a la democracia
_c/por Jan Patula
260 _aMéxico, D. F. :
_bSiglo XXI,
_c1993.
300 _a396 p.
490 0 _aSociología y política
590 _aBATCH-UPD
_b10
_c20130110
_lUCH01
_h0439
590 _aBATCH-UPD
_b10
_c20130110
_lUCH01
_h2245
590 _aBATCH-UPD
_b10
_c20130410
_lUCH01
_h0115
590 _aBATCH-UPD
_b10
_c20130914
_lUCH01
_h1140
590 _aCONVERSION
_b10
_c20130109
_lUCH01
_h1350
650 1 4 _aDemocracia.
_931740
650 1 4 _aEuropa
_xHistoria.
_938870
650 1 4 _aMovimientos sociales
_xEuropa.
_979171
650 1 4 _aSocialismo.
_9108040
830 0 _aSociología y política
_9108249
901 _aBK
905 _aLilia
942 _cLIBRO
949 _a321.4 P38
_bBC
_cLIBRO
_d33724000978680
_eLIBRO
_fc.3
_gI.c/e
_h106581
_i102303
_si
_t$176.00
949 _a321.4 P38
_bBC
_cLIBRO
_d33724000978698
_eLIBRO
_fc.2
_gI.c/e
_h106580
_i102303
_sb
_t$176.00
949 _a321.4 P38
_bBC
_cLIBRO
_d33724000978706
_eLIBRO
_gI.c/e
_h106579
_i102303
_si
_t$176.00
999 _c90768
_d90768